Genética y derecho /
Guardado en:
| Formato: | Desconocido |
|---|---|
| Idioma: | Spanish |
| Publicado: |
Madrid :
Consejo General del Poder Judicial,
2004
|
| Series: | Cuadernos de Derecho Judicial
VI |
| Materias: | |
| Etiquetas: |
Agregar Etiqueta
Sin Etiquetas, Sea el primero en etiquetar este registro!
|
| LEADER | 00570nac a22001935a 4500 | ||
|---|---|---|---|
| 001 | DER.der002260 | ||
| 005 | 20061004000000.0 | ||
| 008 | 180615s2004####||||||||||||||||||||spa|| | ||
| 020 | |a 84-96228-66-5 | ||
| 245 | 1 | 0 | |a Genética y derecho / |c Consejo General del Poder Judicial |
| 260 | |a Madrid : |b Consejo General del Poder Judicial, |c 2004 | ||
| 300 | 0 | |a 236 p. | |
| 440 | 0 | |a Cuadernos de Derecho Judicial |v VI | |
| 653 | |a DERECHO PENAL | ||
| 653 | |a BIOETICA | ||
| 653 | |a DERECHOS HUMANOS | ||
| 653 | |a CLONACION | ||
| 653 | |a ADN | ||
| 859 | |a DERECHO |b BIB. DERECHO |h 345 |i CON |p 004400 | ||
